[Event "Perth op"]
[Site "Perth"]
[Date "2023.01.04"]
[Round "4"]
[White "Arav, Nathan"]
[Black "Feldblyum, Alexandr"]
[Result "1/2-1/2"]
[WhiteElo "1422"]
[BlackElo "1117"]
[PlyCount "126"]
[EventDate "2023.01.02"]
[EventType "swiss"]
[EventRounds "11"]
[EventCountry "AUS"]
[SourceTitle "CBM 212 Extra"]
[Source "ChessBase"]
[SourceDate "2023.03.31"]
[SourceVersion "1"]
[SourceVersionDate "2023.03.31"]
[SourceQuality "1"]

1. d4 c6 2. c4 d5 3. Nc3 Nf6 4. Nf3 e6 5. a3 h6 6. Bf4 Bd6 7. Bxd6 Qxd6 8. e3 Nbd7 9. Bd3 e5 10. dxe5 Nxe5 11. Nxe5 Qxe5 12. cxd5 Nxd5 13. Nxd5 Qxd5 14. 0-0 Be6 15. Qc2 0-0-0 16. Rfd1 Qb3 17. Qe2 Rd7 18. Rac1 Rhd8 19. Rc3 Qb5 20. h3 Qe5 21. Qc2 Kb8 22. b4 Bf5 23. Kf1 Rxd3 24. Rcxd3 Rxd3 25. Rxd3 Qb5 26. Ke2 Kc7 27. Qb3 Bxd3+ 28. Qxd3 Qxd3+ 29. Kxd3 Kd6 30. Kd4 b6 31. a4 f5 32. h4 h5 33. f3 Ke6 34. a5 Kd6 35. a6 Ke6 36. g3 g6 37. e4 Kf6 38. e5+ Ke6 39. f4 Ke7 40. Kd3 Kd8 41. Kc4 Kc7 42. Kd4 Kd7 43. Kd3 Kd8 44. Kd4 Kd7 45. Kd3 Kd8 46. Kc3 Kc8 47. Kc2 Kd8 48. Kd3 Kc8 49. Kc3 Kd8 50. Kc4 Kc7 51. Kb3 Kd8 52. Kc3 Kc8 53. Kd4 Kd7 54. Kc4 Kc7 55. Kd4 Kd7 56. Kd3 Kd8 57. Kd2 Ke7 58. Kd1 Ke6 59. Kd2 Ke7 60. Kc3 Kd8 61. Kd4 Kd7 62. Kc4 Kc7 63. Kd4 Kd7 1/2-1/2